Hướng dẫn thực hành chế độ kế toán mới

Đã lưu trong:
Bibliografiske detaljer
Hovedforfatter: Phạm Văn Dược
Format: Bog
Sprog:Undetermined
Udgivet: Hà Nội Thống Kê 2001
Fag:
Tags: Tilføj Tag
Ingen Tags, Vær først til at tagge denne postø!
Thư viện lưu trữ: Trung tâm Học liệu Trường Đại học Cần Thơ
LEADER 00533nam a2200169Ia 4500
001 CTU_48412
008 210402s9999 xx 000 0 und d
082 |a 657 
082 |b D557/2001 
100 |a Phạm Văn Dược 
245 0 |a Hướng dẫn thực hành chế độ kế toán mới 
245 0 |c Phạm Văn Dược, Đặng Kim Cương 
260 |a Hà Nội 
260 |b Thống Kê 
260 |c 2001 
650 |a accounting 
980 |a Trung tâm Học liệu Trường Đại học Cần Thơ